书目信息 |
| 题名: |
水力学
|
|
| 作者: | ;成都科学技术大学水力学教研室 编 | |
| 分册: | 上册 | |
| 出版信息: | 北京 人民教育出版社 1979 |
|
| 页数: | 512页 | |
| 开本: | 20cm | |
| 丛书名: | ||
| 单 册: | ||
| 中图分类: | TV13 | |
| 科图分类: | ||
| 主题词: | 水力学--高等学校--教材 | |
| 电子资源: | ||
| ISBN: | ||
| 000 | 00675nam0 2200229 45 | |
| 001 | 0179006913 | |
| 005 | 20060802171446.03 | |
| 010 | @dCNY1.70 | |
| 091 | @a15012.0120 | |
| 100 | @a19950727d1979 em y0chiy0121 ea | |
| 101 | 0 | @achi |
| 102 | @aCN@b110000 | |
| 105 | @ay z 000yy | |
| 200 | 10 | @a水力学@Ashui li xue@h上册@f成都科学技术大学水力学教研室编 |
| 210 | @a北京@c人民教育出版社@d1979 | |
| 215 | @a512页@d20cm | |
| 300 | @a高等学校试用教材 | |
| 606 | @a水力学@x高等学校@x教材 | |
| 690 | @aTV13@v3 | |
| 711 | 02 | @a成都科学技术大学水力学教研室@Acheng du ke xue ji shu da xue shui li xue jiao yan shi@4编 |
| 801 | 0 | @aCN@bTSSF@c20060802 |
| 905 | @a10447@dTV13@e25:1 | |
| 水力学.上册/成都科学技术大学水力学教研室编.-北京:人民教育出版社,1979 |
| 512页;20cm |
| 高等学校试用教材 |
| ISBN :CNY1.70 |
| ● |
| 相关链接 |
|
|
|
|
正题名:水力学
索取号:TV13/25:1
 
预约/预借
| 序号 | 登录号 | 条形码 | 馆藏地/架位号 | 状态 | 备注 |
| 1 | 0439571 | 204395715 | 密集书库/ [索取号:TV13/25:1] | 在馆 | |
| 2 | 0439572 | 204395724 | 密集书库/ [索取号:TV13/25:1] | 在馆 | |
| 3 | 0439573 | 204395733 | 密集书库/ [索取号:TV13/25:1] | 在馆 |